Understanding preschoolers. (Record no. 14748)

000 -LEADER
fixed length control field 00591nam a2200193 a 4500
001 - CONTROL NUMBER
control field :::00012582$&:&@@
003 - CONTROL NUMBER IDENTIFIER
control field OkBaRHE
005 - DATE AND TIME OF LATEST TRANSACTION
control field 20000607103420.0
008 - FIXED-LENGTH DATA ELEMENTS--GENERAL INFORMATION
fixed length control field s1969 j 000 0 eng u
040 ## - CATALOGING SOURCE
Transcribing agency
100 1# - MAIN ENTRY--PERSONAL NAME
Personal name Gilliland, Anne.
245 10 - TITLE STATEMENT
Title Understanding preschoolers.
260 ## - PUBLICATION, DISTRIBUTION, ETC. (IMPRINT)
Place of publication, distribution, etc Nashville, TN., :
Name of publisher, distributor, etc Convention Press
Date of publication, distribution, etc c1969
300 ## - PHYSICAL DESCRIPTION
Extent viii, 180 p. : illus. ;
Dimensions 21 cm.
490 0# - SERIES STATEMENT
Series statement Basic preschool books.
650 ## - SUBJECT ADDED ENTRY--TOPICAL TERM
Topical term or geographic name as entry element Child Psychology
942 ## - ADDED ENTRY ELEMENTS (KOHA)
Source of classification or shelving scheme
Koha item type Books
Copies
Lost status Price effective from Damaged status Koha item type Copy number Permanent Location Withdrawn status Barcode Full call number Date acquired Source of classification or shelving scheme Date last seen Not for loan Shelving location
 2010-04-14 Books1RHEMA Bible Training College 12582HQ 772 .G4752010-04-14 2010-04-14 General Stacks